Most Streamed Led Zeppelin Songs on Spotify - Statistics

General Stats
  • This quiz has been taken 33 times
  • The average score is 11 of 20
Answer Stats
Hint Answer % Correct
1,220,185,855 Stairway to Heaven
97%
461,511,826 Black Dog
94%
364,775,813 Kashmir
87%
751,998,966 Whole Lotta Love
81%
931,622,009 Immigrant Song
77%
336,056,704 Rock and Roll
68%
156,611,079 Dazed and Confused
65%
296,602,771 Going to California
58%
355,286,039 Good Times Bad Times
58%
170,417,756 Heartbreaker
55%
172,691,225 When The Levee Breaks
55%
168,689,614 Over the Hills and Far Away
52%
398,304,695 Ramble On
52%
119,900,343 Fool in the Rain
45%
175,017,744 Babe I'm Gonna Leave You
39%
167,757,016 All My Love
32%
208,246,720 D'yer Mak'er
32%
135,689,169 Since I've Been Loving You
32%
122,899,726 Tangerine
29%
126,399,509 Hey, Hey, What Can I Do
23%
No matching quizzes found
Score Distribution
Percent of People with Each Score
Percentile by Number Answered
Your Score History
You have not taken this quiz